| 000 | 00488pab a2200181 454500 | ||
|---|---|---|---|
| 008 | 180718b2009 xxu||||| |||| 00| 0 eng d | ||
| 100 | _aBhattacharya, Govind | ||
| 245 | _aIntra-state disparity in government expenditure: an analysis | ||
| 260 | _c2009 | ||
| 300 | _ap.231-37. | ||
| 362 | _a27 Jun | ||
| 650 | _aExpenditure,Government | ||
| 650 | _aPublic expenditure | ||
| 650 | _aRegional disparities | ||
| 773 | _aEconomic and Political Weekly | ||
| 908 | _aN | ||
| 909 | _a83013 | ||
| 999 |
_c83013 _d83013 |
||